000 00470nam a2200193Ia 4500
003 OSt
005 20250816112503.0
008 250729s2005 xx 000 0 und d
020 _a978-8170248170
040 _cAL
041 _aeng
082 _a370.78 RUDP
100 _aShuja Asif
_9221352
245 _aA course of spoken english
260 _aNew Delhi
_bA P H Publishing
_c2005
300 _a150p
650 _aPhysical Education
_9221353
942 _2ddc
_cBED
999 _c234970
_d234970